000
00207 a2200097 4500
001
11870
100
_a
Jaeger, M.
245
_a
Liberty versus equality
260
_a
_b
Thomas nelson
_c
090
_c
9125
_d
9125
942
_a
NUST-CAE
_c
M
_c
35962
999
_c
246943
_d
246943